Surveying, Volume-1 (Record no. 342000)
[ view plain ]
| 000 -LEADER | |
|---|---|
| fixed length control field | 00295nam a22001337a 4500 |
| 020 ## - INTERNATIONAL STANDARD BOOK NUMBER | |
| International Standard Book Number | 9788189401238 |
| 082 ## - DEWEY DECIMAL CLASSIFICATION NUMBER | |
| Classification number | 624.1517 |
| Item number | ARO/SO |
| 100 ## - MAIN ENTRY--PERSONAL NAME | |
| Personal name | Arora, K R |
| 9 (RLIN) | 131 |
| 245 ## - TITLE STATEMENT | |
| Title | Surveying, Volume-1 |
| 250 ## - EDITION STATEMENT | |
| Edition statement | 16 |
| 260 ## - PUBLICATION, DISTRIBUTION, ETC. (IMPRINT) | |
| Place of publication, distribution, etc. | Delhi |
| Name of publisher, distributor, etc. | Standard Book House |
| Date of publication, distribution, etc. | 2016 |
| 300 ## - PHYSICAL DESCRIPTION | |
| Extent | 690 |
| 942 ## - ADDED ENTRY ELEMENTS (KOHA) | |
| Koha item type | Books (General) |
| Withdrawn status | Lost status | Damaged status | Not for loan | Collection code | Home library | Current library | Shelving location | Date acquired | Source of acquisition | Cost, normal purchase price | Total Checkouts | Total Renewals | Full call number | Barcode | Date last seen | Date checked out | Price effective from | Koha item type |
|---|---|---|---|---|---|---|---|---|---|---|---|---|---|---|---|---|---|---|
| Kelappaji College of Agricultural Engineering & Technology Library, Tavanur | Kelappaji College of Agricultural Engineering & Technology Library, Tavanur | 30/03/2017 | Neoti book Agency | 480.00 | 5 | 4 | 624.1517 ARO/SO | KAU_KCAEFT-25312 | 08/03/2021 | 19/02/2020 | 04/08/2017 | Books (General) | ||||||
| Kelappaji College of Agricultural Engineering & Technology Library, Tavanur | Kelappaji College of Agricultural Engineering & Technology Library, Tavanur | 30/03/2017 | Neoti book Agency | 480.00 | 4 | 1 | 624.1517 ARO/SO | KAU_KCAEFT-25313 | 21/09/2023 | 25/08/2023 | 04/08/2017 | Books (General) | ||||||
| Kelappaji College of Agricultural Engineering & Technology Library, Tavanur | Kelappaji College of Agricultural Engineering & Technology Library, Tavanur | 30/03/2017 | Neoti book Agency | 480.00 | 7 | 2 | 624.1517 ARO/SO | KAU_KCAEFT-25314 | 04/07/2025 | 19/06/2025 | 04/08/2017 | Books (General) |
